New headway Advanced : Teacher's book

Tallennettuna:
Bibliografiset tiedot
Päätekijä: Soars, Liz
Muut tekijät: Sayer, Mike, Soars, John
Aineistotyyppi: Kirja
Julkaistu: Oxford Oxford Univ. Press 2003
Aiheet:
Tagit: Lisää tagi
Ei tageja, Lisää ensimmäinen tagi!
Thư viện lưu trữ: Trung tâm Học liệu Lê Vũ Hùng, Trường Đại học Đồng Tháp
LEADER 00858pam a22002898a 4500
001 00027692
005 20171026081023.0
008 111209s2003 ||||||Engsd
020 # # |a 0194369315 
041 0 # |a Eng 
082 1 4 |a 428  |b N207H 
100 1 # |a Soars, Liz 
245 1 0 |c Liz and John Soars, Mike Sayer  |a New headway  |b Advanced : Teacher's book 
260 # # |a Oxford  |b Oxford Univ. Press  |c 2003 
300 # # |a 159p.  |b ill.  |c 28cm. 
650 # 4 |a Tiếng Anh  |x Ngứ pháp 
653 # # |a Anh ngữ thực hành 
653 # # |a Sách giáo viên 
700 1 # |a Sayer, Mike 
700 1 # |a Soars, John 
852 # # |b Kho đọc  |j KD.0012271, KD.0012270 
852 # # |j KD.0012270  |j KD.0012271 
910 0 # |a Ntuyet  |d 09/12/2011 
980 # # |a Trung tâm Học liệu Lê Vũ Hùng, Trường Đại học Đồng Tháp